Diseño de la red de alcantarillado sanitario y dimensionamiento del sistema de tratamiento de agua residual para el municipio de Comalapa, departamento de Chontales

La investigación presenta una propuesta de diseño de un sistema de alcantarillado sanitario y planta de tratamiento de aguas residuales para el municipio de Comalapa, de parlamento de Chontales. En él se muestran, específicamente, los cálculos hidráulicos y topográficos de la alternativa pro...

Full description

Bibliographic Details
Main Authors: Barquero Sevilla, Guillermo José, Marín Duarte, Lester Emilio, Tercero Tablada, Melvin Antonio
Other Authors: Tutor: Baldizón Aguilar, María Elena
Format: Tesis Section = Libro
Language:Undetermined
Spanish
Published: Managua UNI/RUACS 2020
Subjects:
LEADER 01478nam a2200277Ia 4500
008 240830s9999 xx 000 0 und d
040 |a BIBLIOTECA-RUPAP Mon 628.2 B267 
041 |a spa 
082 |a Mon 628.2 B267 
100 1 |a Barquero Sevilla, Guillermo José 
100 1 |b Marín Duarte, Lester Emilio 
100 1 |c  Tercero Tablada, Melvin Antonio 
245 1 0 |a Diseño de la red de alcantarillado sanitario y dimensionamiento del sistema de tratamiento de agua residual para el municipio de Comalapa, departamento de Chontales 
260 |a Managua  |b UNI/RUACS  |c 2020 
300 |a 83 p. :il. 
500 |a Contiene: anexos y CD. 
502 |a Tesis (Ingeniero Civil)- UNI, 2020. 
520 3 |a La investigación presenta una propuesta de diseño de un sistema de alcantarillado sanitario y planta de tratamiento de aguas residuales para el municipio de Comalapa, de parlamento de Chontales. En él se muestran, específicamente, los cálculos hidráulicos y topográficos de la alternativa propuesta para la recolección de aguas residuales y dos alternativas de tratamiento. Además, se presenta un estudio de las etapas de construcción y operación del proyecto y los costos totales del mismo. 
650 7 |a INGENIERIA SANITARIA 
650 7 |b ALCANTARILLADO SANITARIO 
650 7 |c TRATAMIENTO DE AGUAS RESIDUALES 
650 7 |d SANEAMIENTO 
700 1 |a Tutor:  |b Baldizón Aguilar, María Elena 
942 |c BK  |2 ddc 
991 |a TESIS 
999 |c 16295